| 000 | 00606nam a22001577a 4500 | ||
|---|---|---|---|
| 020 | _a81-88836-60-5 | ||
| 082 |
_a612.3 _bJOH/V |
||
| 100 | _aJOHRI POONAM | ||
| 245 |
_aVITAMINS _bFOOD AND NUTRITION SERIES |
||
| 250 | _aFIRST EDITION | ||
| 260 |
_aDELHI _bSONALI PUBLICATIONS _c2004 |
||
| 300 | _a186 | ||
| 520 | _aA SOUND KNOWLEDGE OF CHEMISTRY AND METABOLISM OF FOOD STUFFS - VITAMINS, MINERALS, WATER, CARBOHYDRATES, LIPIDS AND PROTIENS. HISTORY, STRUCTURE, DEFICIENCY, SYMPTOMS, PROPERTIES, FUNCTIONS IN THE BODY, RICH DIETARY SOURCE AND PRECAUTION | ||
| 650 |
_aBIOLOGY REFERENCE _zINDIA |
||
| 942 | _cBK | ||
| 999 |
_c1377 _d1377 |
||